Spanish Easter Vocabulary - Statistics

General Stats
  • This quiz has been taken 88 times
  • The average score is 10 of 19
Answer Stats
Hint Answer % Correct
egg huevo
93%
chocolate chocolate
91%
flower flor
87%
color color
80%
spring primavera
70%
candy dulce
67%
(the) hunt búsqueda
65%
bunny conejito
65%
carrot zanahoria
63%
pastel (adj) pastel
57%
Easter Pascua
54%
to look for buscar
52%
basket canasta
33%
lamb cordero
33%
Easter Bunny Conejito de Pascua
30%
chick polluelo
28%
to dye teñir
24%
grass pasto
20%
jelly bean haba de jalea
2%
No matching quizzes found
Score Distribution
Percent of People with Each Score
Percentile by Number Answered
Your Score History
You have not taken this quiz